000 01209nam0a2200313 4500
001 RU\NLR\BIBL_A\012069226
005 20220329120322.0
010 _a978-5-17-113779-3
_94000
021 _aRU
_bКН-П-19-049909
_9КН-П-19-3618
035 _a(NLR Aleph) 012069226
035 _a(RuMoRGB)010030099
090 _a11746877
_c11746877
100 _a20190805d2019 d y0rusy50 ca
101 1 _arus
_cita
102 _aRU
105 _ay|||z|||000ay
200 1 _aЕсли однажды зимней ночью путник…
_e[роман]
_fИтало Кальвино
_g[перевод с итальянского Г. Киселева]
210 _aМосква
_cN
_cАСТ
_d2019
215 _a350, [1] с.
_d18
225 1 _aСерия "Эксклюзивная классика"
225 1 _aКниги, изменившие мир. Писатели, объединившие поколения
333 _a12+
686 1 _aШ6(4Ит)67-440.4{Лх1609-50}
700 1 _7ca
_8rus
_aКальвино
_bИ.
_f1923-1985
_gИтало
_944619
_3RU\NLR\AUTH\7761689
942 _cBOOK
980 _aNBR
980 _aNB